| 000 | 00569nam a22001931a 4500 | ||
|---|---|---|---|
| 001 | 902 | ||
| 003 | OSt | ||
| 005 | 20260204211714.0 | ||
| 008 | 040115s1996||||dr ||||||b||||||||||spa|| | ||
| 050 | _aRD 347.05 G93p | ||
| 082 | _aRD 347.05 G93p | ||
| 100 | _aGuzmán A., Fabio J. | ||
| 245 | _aEl procedimiento en defecto en materia civil comercial, después de las reformas de la ley 845 de 1978 / Fabio J. Guzmán A. | ||
| 264 | _aSanto Domingo : UCMM | ||
| 300 | _a138 p. | ||
| 500 | _aIncluye bibliografía. | ||
| 650 | _a1.Procedimiento CivilÌ | ||
| 942 |
_2ddc _cBK |
||
| 999 |
_c902 _d902 |
||